00660nam a2200217Ia 4500003000400000005001700004008004100021020001800062040000700080041000800087082001500095100003000110245003100140260004800171300000900219650002000228700002700248942001300275999001900288952013500307OSt20250805114323.0250729s2005 xx 000 0 und d a9788171418060 cAL aeng a930.7 KUMM aKumar J. Prasanth9220869 aMethods of teaching civics aNew DelhibDiscovery Publishing Housec2005 a267p aHistory9220870 aMudi Prashanth9220871 2ddccBED c234763d234763 001040708BEDaALbALd2025-07-29eSita Book Houseg150.00l0o930.7 KUMMpBED00082r2025-07-29 16:53:26v150.00w2025-07-29yBK